Quizzes
Events
Quiz Creation
Community
Videos
Private Events
Remove Ads
Sign In
Join for FREE
Feedback
Dark Mode
Quiz Categories
Sports
Geography
Music
Movies
Television
Just For Fun
Miscellaneous
History
Literature
Language
Science
Gaming
Entertainment
Religion
Holiday
For Kids
Quiz Lab
Recent
Popular Today
Quiz Kudos Today
Editor Picks
Curator Picks
Quizzes by...
Day
Popularity
Type
Ratings
Length
Year
Community
Subscriptions
Recent Discussions
Orange Saloon
Badges
Playlists
Quests
Create
Leaderboards
Showdown
Live 5
Trivia Bingo
Activity
Puzzle Library
Sporcle Events
Private Events
Virtual Trivia
Globe League
Become a Host
Pub Owners
SporcleCon
Opinionation
Our Games
Videos
Blog
Mobile Apps
Partnerships
Remove Ads and Go Orange
Feedback
Geography
Country
Landmarks
City
State
Population
World
Capital
Continent
Flags
Europe
Africa
Asia
South America
North America
Oceania
Border
Canada
United Kingdom
Topography
United States
Geography
Country
Landmarks
City
State
Population
World
Capital
Continent
Flags
Europe
Africa
Asia
South America
North America
Oceania
Border
Canada
United Kingdom
Topography
United States
Random Quiz
Search Sporcle
×
Quiz Lab
Quiz Lab
Geography
Flags
Type in answers that appear in a list
Type in answers that appear in a list
Classic
Best Score? Go Orange.
Right Sides of Flags Stats
Can you name the countries by the right half of their flags?
By
nthe
2m
18 Questions
100 Plays
100 Plays
100 Plays
Comments
Comments
Give Quiz Kudos
Give Quiz Kudos
-
- Ratings
hide this ad
More Info
Forced Order
Answers have to be entered in order
Answers have to be entered in order
Replay
Link that replays current quiz
Next Quiz
Link to next quiz in quiz playlist
You Got
0%
They Got
Avg Score
62%
Avg Friend Score
Upgrade to see
Score Distribution
Jump to the score distribution portion of the page
Score
0/18
Timer
02:00
0
Plays Today
#
Country
% Correct
6
Nepal
92%
2
Zambia
85%
5
Greece
83%
11
Seychelles
79%
7
Guyana
74%
12
Vatican City
73%
4
Tuvalu
69%
1
Belarus
68%
9
Iceland
63%
#
Country
% Correct
15
Central African Republic
58%
13
Uzbekistan
56%
17
Cape Verde
53%
16
Nauru
50%
18
Algeria
50%
8
Solomon Islands
47%
10
Oman
46%
3
Benin
43%
14
Panama
43%
Quiz Playlist
Details
Report
Send in Message
Add To Playlist
More Info:
NOTE: #14 is made darker, to clarify the 'border' with #15.
Classic:
Type in answers that appear in a list
Forced Order:
Answers have to be entered in order
Last Updated: Feb 16, 2017
Quiz Scoreboard
CHALLENGE
Sign Up to Join the Scoreboard
Show All
Scores
Hide
Comments
May contain spoilers
Recently Published
1-10 Letter E Words III
by El_Dandy
Language
2m
One Thing in Common: World Cities II
by knightlancer
Geography
7m
Popular People in 1961
by mucciniale
History
6m
More to Explore
Quiz From the Vault
Featured Blog Post
Where Did the Easter Bunny Come From?
hide this ad
You Might Also Like...
Tags
Country Quiz
Flags Quiz
half
right-side
side
Today's Top Quizzes in Geography
Browse Geography
hide this ad
Today's Top Quizzes in Flags
Browse Flags
Top Contributed Quizzes in Geography
1
Countries of the World - No Outlines Minefield
2
Top 25 Cities of France on a map
3
Closest Countries to UK A-Z
4
African Flag Reveal XLV
5
Blind Ultimate Minefield: USA
6
One Thing in Common: United Kingdom
7
Blind Secret Country CLXXXVIII
8
One Thing in Common: Asia
9
Find the US States - No Outlines
10
One Thing in Common: Geography
Explore More
Trending Topics
Anime
Crossword
Kpop
Harry Potter
Marvel
NBA
Disney
The Office
Soccer
Puzzle
WWE
Pokémon
NFL
Country
Song
hide this ad
More By:
nthe
Quiz
Plays
Rating
Category
Featured
Created
Element Symbols Minefield
273,339
4.21
Science
Apr 9, 2012
Countries by % of Continent
171,580
4.77
Geography
May 30, 2012
Elements That Start with Their Symbol
16,892
4.74
Science
Feb 17, 2012
'Um' Without 'Ium' Elements
7,659
4.53
Science
Jan 6, 2012
Flags with Text
1,227
4.33
Geography
Feb 18, 2012
Go to Creator's Profile
Score Distribution
Quiz Creator Spotlight
nthe
Follow
Send a Message
Quizzes Created
-
Created Quiz Play Count
-
More By This Creator
Popular Quizzes Today
1
Find the US States - No Outlines Minefield
2
Find the Countries of Europe - No Outlines Minefield
3
The Countries of the World
4
Popular People in 1961
5
1-10 Letter E Words III
6
Find the US States
7
One Thing in Common: World Cities II
8
US States
More Geography Quizzes
Choose Your Own Adventure!
Quiz Lab
Trending Quizzes
Risky Map Clicking: Least Populous States A-Z
1-10 Letter F Words
1-10 Letter G Words
One Thing in Common: United Kingdom
Risky Map Clicking: Biggest States A-Z
Recently Updated
Leaping Animals
pecheneg
Reality TV Shows (A-Z)
bhenderson79
Rickey Henderson's Hall of Fame Teammates
pecheneg
Champions League XIs: Arsenal
pecheneg
Quick Pick: Celebrities in WWE's Hall of Fame
aduchscher
A-Z Keypad Blitz II
pecheneg
Multiple Oscar Actors
pecheneg
Mystery Phrase Blitz: Oscar 'Best Actors'
pecheneg
F. Scott Fitzgerald Novels
LTH
Pick 3 Villains
ddd62291
Trending Topics
NBA
Harry Potter
Kpop
Anime
Crossword
Disney
Marvel
Country
WWE
Song
Soccer
Pokémon
The Office
Puzzle
NFL
Your Account Isn't Verified!
In order to create a playlist on Sporcle, you need to verify the email address you used during registration. Go to your
Sporcle Settings
to finish the process.
Report this User
Report this user for behavior that violates our
Community Guidelines
.
Details:
Send Report
Go to the Sporcle.com Mobile Site →
Comments